| 000 | 00730nam a2200217 a 4500 | ||
|---|---|---|---|
| 005 | 20240426063856.0 | ||
| 008 | 090624s2002 mx r 000 0 spa d | ||
| 020 | _a9686006249 | ||
| 035 | _aUPN01000171443 | ||
| 049 | _aLT | ||
| 050 | 4 |
_aLB1590 _bR6.71 2002 |
|
| 100 | 1 |
_aRodríguez Andión, Lourdes O. _929609 |
|
| 245 | 1 | 0 |
_aSígueme 1 : _bejercicios para la escritura cursiva / _cLourdes Rodríguez Andión, Magdalena Y. de Aguilar. |
| 250 | _a17a ed. | ||
| 260 |
_aMéxico : _bAvante, _c2002. |
||
| 300 |
_a96 p. : _bil. |
||
| 650 | 4 |
_aEscritura _xEstudio y enseñanza _96154 |
|
| 650 | 7 |
_aCaligrafía _xEstudio y enseñanza (Elemental) _2 _93084 |
|
| 700 | 1 |
_aYturbe de Aguilar, Magdalena, _ecoaut. _931011 |
|
| 905 | _aLibro | ||
| 999 |
_c143548 _d143548 |
||